| 000 | 00391nam a22001337a 4500 | ||
|---|---|---|---|
| 082 |
_a621.3192 _bFRE _cL-10, P-22 |
||
| 100 |
_aFreeman, E.H. _941422 |
||
| 245 | _aPractical electrical wiring and contracting. | ||
| 260 |
_aLondon _bOdhams Press Limited, Long Acre. |
||
| 300 |
_a383 p. : _bill. : _c6 Cm |
||
| 526 |
_a0 _b0 _c0 _d621_319200000000000_FRE |
||
| 650 |
_aMCE _9379 |
||
| 942 |
_2ddc _cBK |
||
| 999 |
_c545530 _d545530 |
||